La Sainte Bible qui comprend l'ancien et le nouveau testament / (Record no. 113263)

MARC details
000 -LEADER
campo de control de longitud fija 00688nam a2200205 i 4500
001 - NÚMERO DE CONTROL
campo de control 113263
003 - IDENTIFICADOR DE NÚMERO DE CONTROL
campo de control ES-MaACL
005 - FECHA Y HORA DE LA ÚLTIMA TRANSACCIÓN
campo de control 20250818235743.0
007 - CAMPO FIJO DE DESCRIPCIÓN FÍSICA--INFORMACIÓN GENERAL
campo de control de longitud fija t|
008 - DATOS DE LONGITUD FIJA--INFORMACIÓN GENERAL
campo de control de longitud fija 070221s1967 fr ||||1| fre d
080 ## - NÚMERO DE LA CLASIFICACIÓN DECIMAL UNIVERSAL
Número de la Clasificación Decimal Universal 22
130 00 - ENTRADA PRINCIPAL--TÍTULO UNIFORME
Título uniforme Biblia
9 (RLIN) 119237
245 13 - MENCIÓN DEL TÍTULO
Título La Sainte Bible qui comprend l'ancien et le nouveau testament /
Mención de responsabilidad, etc. traduits d'après les textes originaux hébreu et grec par Louis Segond.
260 ## - PUBLICACIÓN, DISTRIBUCIÓN, ETC.
Lugar de publicación, distribución, etc. Paris :
Nombre del editor, distribuidor, etc. Société Biblique Française,
Fecha de publicación, distribución, etc. 1967.
300 ## - DESCRIPCIÓN FÍSICA
Extensión 325 p., [8] h. de map. col. ;
Dimensiones 18 cm.
500 ## - NOTA GENERAL
Nota general Biblioteca Jacinto Martínez Lacalle.
700 1# - ENTRADA AGREGADA--NOMBRE PERSONAL
Nombre de persona Segond, Louis.
9 (RLIN) 105136
852 ## - LOCALIZACIÓN
Ubicación ES-MaACL
Número de control de estantería E-11620
Sublocalización o colección R.139640
Holdings
Estatus retirado Estado de pérdida Estado de daño No para préstamo Biblioteca de origen Biblioteca actual Ubicación en estantería Fecha de adquisición Fuente de adquisición Total de préstamos Signatura topográfica completa Código de barras Visto por última vez Precio de reemplazo Tipo de ítem Koha
        Biblioteca del Ateneo de Madrid Biblioteca del Ateneo de Madrid Depósito 2 17/01/2008     E-11620 1118137 23/02/2023 23/02/2023 Libro impreso